Statistics for Australian Cricket World Cup Squad 2019

Click here to take the quiz!

General Stats

  • This quiz has been taken 578 times
  • The average score is 12 of 15

Answer Stats

RoleAnswer% Correct
BatsmanDavid Warner
98%
BatsmanSteve Smith
97%
BowlerMitchell Starc
96%
CaptainAaron Finch
94%
BowlerPat Cummins
91%
Wicket KeeperAlex Carey
87%
All RounderGlenn Maxwell
83%
BowlerAdam Zampa
80%
BowlerNathan Lyon
80%
All RounderMarcus Stoinis
74%
BatsmanShaun Marsh
68%
BatsmanUsman Khawaja
67%
BowlerKane Richardson
62%
BowlerJason Behrendorff
44%
BowlerNathan Coulter-Nile
44%

Score Distribution

Percentile by Number Answered

Percent of People with Each Score

Your Score History

You have not taken this quiz